000 00867nam a22002177a 4500
003 OSt
005 20260513113922.0
008 260513b |||||||| |||| 00| 0 eng d
020 _a9781855857070
040 _aKenya National Library Service
082 _a745.92 WAI
100 _aWaites Sonja
_eauthor
245 _aPulbrook & Gould flowers /
_cSonja Waites and Sharon Amos
300 _a176 pages :
_bcolour illustrations ;
_c31 cm
504 _aIncludes index
520 _aPulbrook and Gould Flowers is the story of their style, celebrated with a collection of new flower arrangements. From the classic to country to contemporary, traditional ideas are interpreted into modern designs for all occasions.
650 _aFlower arrangements
_vGreat Britain
942 _2ddc
_cBK
_n0
999 _c492743
_d492743